| 000 | nam a22 7a 4500 | ||
|---|---|---|---|
| 999 |
_c129476 _d129476 |
||
| 008 | 190426b xxu||||| |||| 00| 0 eng d | ||
| 050 | _aBX1936.25.372 D853 | ||
| 100 |
_aDuerr, Rev. Charles J. _946020 |
||
| 245 |
_aThe judicial notary: _ba historical synopsis and a commentary _c/ by Rev. Charles J. Duerr |
||
| 260 |
_aWashington, D. C.: _bThe Catholic University Press, _c1951. |
||
| 300 |
_axiii, 112p. ; _c23cm. |
||
| 440 |
_aThe Catholic University of america Canon Law Studies _nno. 312 _946021 |
||
| 650 |
_aNotary _xCanon law _946022 |
||
| 942 |
_2lcc _cMONOGRAPH |
||